000 01877nam a22002657a 4500
003 Uzh_bibl
008 260513b |||||||| |||| 00| 0 ukr d
020 _a978-966-339-699-6
_c75.00
040 _bукр.
041 _2ukr
_aukr
080 _a821.161.2
090 _a821.161.2
_bЧ 48
100 _aЧеркасенко,Спиридон
245 _aПригоди молодого лицаря
_cіл.В.Куща
_hТекст
260 _aКиїв
_bНаціональний книжковий проект
_c2011
300 _a352 с.
_bіл.
_fВ опр.
490 _aсерія "Україна крізь віки"
520 _aПодії, відтворені в романі, змальовують життя й побут запорозького козацтва ХVІІ століття. Романтичне козацьке кохання молодого лицаря Павла і козацької дочки Орисі, благородне побратимство рядових запорожців, мудрість і військовий хист їхнього провідника Сагайдачного, бої на морі й суші, морські походи й штурми фортець, визволення невольників з турецької каторги — все це захоплює й заворожує читача, пробуджує приспане почуття національної гідності та гордості за свій народ.
521 _aдля ст. шк. віку
546 _aукр.
650 _aЛітературно -художнє видання
653 _aЗапорізьке козацтво
_aРомантичне кохання
_aМорські походи
655 _aПроза
_vІст. роман
_yXVI ст.
_zУкраїна
942 _2udc
_cBK
999 _c17739
_d17739